Films With Flowers Quiz Stats

 Plays Quiz Updated Jul 3, 2015

Challenge
Share
Tweet
Score 0/20 Timer 08:00
1 Play Today
% Correct
The Wizard of Oz
98.6%
Bambi
96.3%
Frankenstein
95.5%
Alice in Wonderland
91.1%
The Addams Family
84.2%
Pretty Woman
82.8%
The Godfather
81.3%
The Great Gatsby
81.2%
The Hunger Games: Mockingjay Part 1
79.7%
American Beauty
78.5%
% Correct
Caddyshack
72.4%
It's a Wonderful Life
71.1%
Twilight: Breaking Dawn - Part 1
67.9%
Four Weddings and a Funeral
67.4%
My Fair Lady
58.3%
Atonement
39.8%
Harold and Maude
32.5%
Birdman or (The Unexpected Virtue Of Ignorance)
31.6%
Vertigo
30.2%
Big Fish
27.9%

You're not logged in!

Compare scores with friends on all Sporcle quizzes.
Join for Free
OR
Log In

You Might Also Like...

Show Comments

Extras

Top Quizzes Today


Score Distribution

Your Account Isn't Verified!

In order to create a playlist on Sporcle, you need to verify the email address you used during registration. Go to your Sporcle Settings to finish the process.

Report this User

Report this user for behavior that violates our Community Guidelines.

Details: